Duality and perturbation methods in critical point theory

Αποθηκεύτηκε σε:
Λεπτομέρειες βιβλιογραφικής εγγραφής
Κύριος συγγραφέας: Ghoussoub, N. (Nassif) 1953-
Μορφή: Βιβλίο
Γλώσσα:English
Δημοσίευση: Cambridge [England] : New York : Cambridge University Press, 1993
Σειρά:Cambridge tracts in mathematics ; ; 107
Θέματα:
Ετικέτες: Προσθήκη ετικέτας
Δεν υπάρχουν, Καταχωρήστε ετικέτα πρώτοι!

MARC

LEADER 00000nam a2200000 i 4500
001 1/38164
008 941103s1993 eng d
020 |a 0521440254 
035 |l 10040702 
040 |a GR-MY-UA  |b gre  |e aacr 
041 0 |a eng 
082 0 |a 514.74  |2 (20) 
100 1 |a Ghoussoub, N.  |q (Nassif)  |d 1953- 
245 1 0 |a Duality and perturbation methods in critical point theory /  |c Nassif Ghoussoub 
260 |a Cambridge [England] :   |a New York :   |b Cambridge University Press,   |c 1993 
300 |a xviii, 258 p.;  |b ill.;  |c 24 cm 
490 1 |a Cambridge tracts in mathematics  |v ; 107 
504 |a Includes bibliographical references (p. [246]-253) and index 
650 0 0 |a Critical point theory (Mathematical analysis) 
650 0 0 |a Duality theory (Mathematics) 
650 0 0 |a Perturbation (Mathematics) 
830 0 |a Cambridge tracts in mathematics ;  |v ; 107 
852 |a INST  |b SAMOS  |e 19941103  |h 514.74 GHO  |p 005300007064  |q 005300007064  |t BK  |y 0 
909 |a Σ  |b 030853